000 00490nam a2200181Ia 4500
005 20250508150922.0
008 008 250505s9999 xx 000 0 eng d
037 _aReference
040 _aFEDL
_beng
_cFEDL
041 _aeng
_2eng
084 _a413, NEW
_qFEDL
100 _aNewmark Maxim
245 0 _aDictionary of foreign words and phrases
260 _aLondon, UK
_bThames and Hudson
_c1950
300 _a245p.
942 _cREF
_h413, NEW
999 _c1326469
_d1326469